00482 2200193 4500001002100000005001500021008004100036020001800077035001900095041000700114082001400121090001400135100001900149245004600168250000600214260003000220300002300250650001500273INLIS00000000001496120241224114838241224||||||||| | ||| |||| || |  a979-794-090-x 0010-1224014961 aid0 a005 HID i a005 HID i0 aTaufik Hidayat00aLangkah Mudah Meraup Dolar lewat internet a1 aJakartabMEDIA KITAc2007 ax, 188 hlm.; 23 cm 0aKarya Umum